Thủ tục khởi kiện và giải quyết tranh chấp tại tòa án, trọng tài - Cơ chế hiện hữu bảo vệ quyền dân sự : Sách chuyên khảo
Cuốn sách này gồm các nội dung sau: nguyên tắc bảo vệ quyền dân sự tại tòa án, trọng tài; quyền khởi kiện tại tòa án; thời hiệu khởi kiện tại tòa án; tòa án có thẩm quyền nhận đơn khởi kiện; các thủ tục có thể thực hiện khi khởi...
Αποθηκεύτηκε σε:
| Κύριος συγγραφέας: | |
|---|---|
| Μορφή: | Βιβλίο |
| Γλώσσα: | Undetermined |
| Έκδοση: |
Hà Nội
Lao động
2011
|
| Θέματα: | |
| Ετικέτες: |
Προσθήκη ετικέτας
Δεν υπάρχουν, Καταχωρήστε ετικέτα πρώτοι!
|
| Thư viện lưu trữ: | Trung tâm Học liệu Trường Đại học Cần Thơ |
|---|
| LEADER | 01344nam a2200229Ia 4500 | ||
|---|---|---|---|
| 001 | CTU_192792 | ||
| 008 | 210402s9999 xx 000 0 und d | ||
| 020 | |c 60000 | ||
| 082 | |a 347.59705 | ||
| 082 | |b Ph561 | ||
| 100 | |a Nguyễn, Thị Hoài Phương | ||
| 245 | 0 | |a Thủ tục khởi kiện và giải quyết tranh chấp tại tòa án, trọng tài - Cơ chế hiện hữu bảo vệ quyền dân sự : | |
| 245 | 0 | |b Sách chuyên khảo | |
| 245 | 0 | |c Nguyễn Thị Hoài Phương | |
| 260 | |a Hà Nội | ||
| 260 | |b Lao động | ||
| 260 | |c 2011 | ||
| 520 | |a Cuốn sách này gồm các nội dung sau: nguyên tắc bảo vệ quyền dân sự tại tòa án, trọng tài; quyền khởi kiện tại tòa án; thời hiệu khởi kiện tại tòa án; tòa án có thẩm quyền nhận đơn khởi kiện; các thủ tục có thể thực hiện khi khởi kiện tại tòa án; thủ tục tranh chấp tại tòa án; thủ tục khởi kiện và giải quyết tranh chấp tại trọng tài thương mại | ||
| 650 | |a Civil procedure,Tố tụng dân sự | ||
| 650 | |z Vietnam,Việt Nam | ||
| 910 | |a Hải | ||
| 980 | |a Trung tâm Học liệu Trường Đại học Cần Thơ | ||